|
|
|
|
| LEADER |
01172nam a2200349 4500 |
| 001 |
DLU110130929 |
| 005 |
##20111226 |
| 040 |
# |
# |
|a DLU
|b vie
|
| 041 |
# |
# |
|a vie
|
| 044 |
# |
# |
|a vn
|
| 082 |
# |
# |
|a 512.7
|b BU-K
|
| 100 |
# |
# |
|a Bùi Doãn Khanh.
|
| 245 |
# |
# |
|a Cơ sở lí thuyết số trong an toàn - bảo mật thông tin /
|c Bùi Doãn Khanh, Nguyễn Đình Thúc, Trần Đan Thư.
|
| 246 |
# |
# |
|a Cơ sở lý thuyết số trong an toàn - bảo mật thông tin
|
| 260 |
# |
# |
|a H. :
|b Giáo dục,
|c 2007.
|
| 300 |
# |
# |
|a 74 tr. ;
|c 24 cm.
|
| 504 |
# |
# |
|a Tài liệu tham khảo: tr.73.
|
| 505 |
# |
# |
|a Chương 1. Thuật toán Euclide và thuật toán Bezout -- Chương 2. Định lí Euler và định lý Fermat -- Chương 3. Định lí số dư Trung Hoa và ứng dụng -- Chương 4. Đa Thức.
|
| 650 |
# |
# |
|a Lý thuyết số
|v Giáo trình.
|
| 700 |
# |
# |
|a Nguyễn Đình Thúc.
|
| 700 |
# |
# |
|a Trần Đan Thư.
|
| 923 |
# |
# |
|a 18/2011
|
| 991 |
# |
# |
|a GT
|
| 992 |
# |
# |
|a 18000
|
| 994 |
# |
# |
|a DLU
|
| 900 |
# |
# |
|a True
|
| 911 |
# |
# |
|a Đào Thị Thu Huyền
|
| 925 |
# |
# |
|a G
|
| 926 |
# |
# |
|a A
|
| 927 |
# |
# |
|a SH
|
| 980 |
# |
# |
|a Thư viện Trường Đại học Đà Lạt
|